[Event "65+ World Senior Team Championship"]
[Site "chess24.com"]
[Date "2017.04.30"]
[Round "7"]
[White "Vucenovic, Dragomir"]
[Black "Jones, Iolo C"]
[Result "1/2-1/2"]
[Board "1"]
[WhiteElo "2274"]
[WhiteTitle "FM"]
[WhiteCountry "SUI"]
[WhiteFideId "1300393"]
[WhiteEloChange "-2"]
[BlackElo "2195"]
[BlackTitle "FM"]
[BlackCountry "WLS"]
[BlackFideId "1800094"]
[BlackEloChange "2"]

1. d4 {[%clk 1:30:52]} Nf6 {[%clk 1:30:43]} 2. Nf3 {[%clk 1:31:09]} e6 {[%clk
1:30:30]} 3. g3 {[%clk 1:31:02]} d5 {[%clk 1:28:30]} 4. Bg2 {[%clk 1:31:18]} c5
{[%clk 1:27:16]} 5. O-O {[%clk 1:31:36]} Nc6 {[%clk 1:26:44]} 6. c4 {[%clk
1:31:40]} dxc4 {[%clk 1:22:40]} 7. dxc5 {[%clk 1:32:00]} Qxd1 {[%clk 1:22:29]} 8.
Rxd1 {[%clk 1:32:23]} Bxc5 {[%clk 1:21:10]} 9. Nbd2 {[%clk 1:32:45]} Ng4 {[%clk
1:12:25]} 10. Ne4 {[%clk 1:30:09]} Be7 {[%clk 1:10:58]} 11. h3 {[%clk 1:24:33]}
Nf6 {[%clk 1:10:20]} 12. Ned2 {[%clk 1:21:29]} c3 {[%clk 1:05:03]} 13. bxc3
{[%clk 1:21:53]} Nd5 {[%clk 1:03:31]} 14. Bb2 {[%clk 1:21:07]} O-O {[%clk
1:03:21]} 15. c4 {[%clk 1:14:30]} Nb6 {[%clk 1:00:41]} 16. a4 {[%clk 1:05:56]}
Nd7 {[%clk 0:52:40]} 17. Nb3 {[%clk 0:59:10]} f6 {[%clk 0:40:08]} 18. Nfd4 {[%clk
0:56:48]} Nxd4 {[%clk 0:39:06]} 19. Nxd4 {[%clk 0:55:35]} Nc5 {[%clk 0:37:16]}
20. Ba3 {[%clk 0:53:31]} a6 {[%clk 0:28:29]} 21. Rab1 {[%clk 0:43:38]} Rd8 {[%clk
0:25:19]} 22. e3 {[%clk 0:36:09]} Rd7 {[%clk 0:19:59]} 23. Nb3 {[%clk 0:30:33]}
Nxb3 {[%clk 0:17:53]} 24. Bxe7 {[%clk 0:29:03]} Na5 {[%clk 0:13:47]} 25. Bc5
{[%clk 0:26:03]} Kf7 {[%clk 0:11:41]} 26. Rdc1 {[%clk 0:25:02]} Ke8 {[%clk
0:09:54]} 27. Bf3 {[%clk 0:22:10]} Rf7 {[%clk 0:09:09]} 28. Bb6 {[%clk 0:20:59]}
Nc6 {[%clk 0:09:06]} 29. Bxc6+ {[%clk 0:20:33]} bxc6 {[%clk 0:09:32]} 30. Bc5
{[%clk 0:20:58]} Rb7 {[%clk 0:07:31]} 31. Rxb7 {[%clk 0:19:56]} Bxb7 {[%clk
0:07:56]} 32. Rb1 {[%clk 0:19:57]} Bc8 {[%clk 0:07:49]} 33. a5 {[%clk 0:18:51]}
e5 {[%clk 0:07:30]} 34. g4 {[%clk 0:15:04]} Kf7 {[%clk 0:07:08]} 35. Bd6 {[%clk
0:09:08]} Be6 {[%clk 0:05:39]} 36. Rb7+ {[%clk 0:09:12]} Kg8 {[%clk 0:05:08]} 37.
c5 {[%clk 0:08:53]} h5 {[%clk 0:03:51]} 38. f3 {[%clk 0:05:42]} hxg4 {[%clk
0:03:31]} 39. hxg4 {[%clk 0:04:40]} Bc4 {[%clk 0:01:58]} 40. Bb8 {[%clk 0:34:42]}
Be6 {[%clk 0:31:37]} 41. g5 {[%clk 0:33:25]} Bc8 {[%clk 0:31:17]} 42. Rb6 {[%clk
0:31:14]} Kf7 {[%clk 0:30:50]} 43. e4 {[%clk 0:21:20]} Kg6 {[%clk 0:29:55]} 44.
gxf6 {[%clk 0:20:46]} gxf6 {[%clk 0:30:11]} 45. Kf2 {[%clk 0:20:44]} Bd7 {[%clk
0:28:13]} 46. Kg3 {[%clk 0:20:26]} Kf7 {[%clk 0:26:39]} 47. f4 {[%clk 0:20:24]}
exf4+ {[%clk 0:27:00]} 48. Kxf4 {[%clk 0:20:47]} Ke6 {[%clk 0:24:49]} 49. Rb2
{[%clk 0:15:53]} Bc8 {[%clk 0:21:19]} 50. Bd6 {[%clk 0:13:48]} Ra7 {[%clk
0:19:15]} 51. Rb8 {[%clk 0:13:18]} Bd7 {[%clk 0:11:50]} 52. Rh8 {[%clk 0:11:40]}
Rb7 {[%clk 0:11:07]} 53. Rh7 {[%clk 0:10:14]} Bc8 {[%clk 0:10:38]} 54. Rh6 {[%clk
0:09:56]} Kf7 {[%clk 0:09:07]} 55. Rh8 {[%clk 0:09:33]} Bd7 {[%clk 0:08:52]} 56.
Ra8 {[%clk 0:09:49]} Rb4 {[%clk 0:08:20]} 57. Rh8 {[%clk 0:06:56]} Kg7 {[%clk
0:07:42]} 58. Rd8 {[%clk 0:07:07]} Be6 {[%clk 0:07:08]} 59. Re8 {[%clk 0:07:08]}
Bf7 {[%clk 0:07:10]} 60. Ra8 {[%clk 0:05:00]} Kg6 {[%clk 0:05:28]} 61. Ke3 {[%clk
0:05:06]} Rb3+ {[%clk 0:03:27]} 62. Kd2 {[%clk 0:05:34]} Bc4 {[%clk 0:03:20]} 63.
Rc8 {[%clk 0:04:59]} Bb5 {[%clk 0:02:36]} 64. Rg8+ {[%clk 0:04:55]} Kf7 {[%clk
0:02:19]} 65. Rf8+ {[%clk 0:05:01]} Kg7 {[%clk 0:02:47]} 66. Re8 {[%clk 0:04:42]}
Rd3+ {[%clk 0:02:43]} 67. Kc2 {[%clk 0:05:10]} Ra3 {[%clk 0:02:56]} 1/2-1/2

[Event "65+ World Senior Team Championship"]
[Site "chess24.com"]
[Date "2017.04.30"]
[Round "7"]
[White "Waterfield, John W"]
[Black "Hohler, Peter"]
[Result "0-1"]
[Board "2"]
[WhiteElo "1948"]
[WhiteCountry "WLS"]
[WhiteFideId "407143"]
[WhiteEloChange "-6"]
[BlackElo "2076"]
[BlackTitle "FM"]
[BlackCountry "SUI"]
[BlackFideId "1300296"]
[BlackEloChange "6"]

1. e4 {[%clk 1:30:30]} e5 {[%clk 1:30:30]} 2. f4 {[%clk 1:30:30]} exf4 {[%clk
1:30:30]} 3. Nf3 {[%clk 1:30:30]} Nf6 {[%clk 1:30:30]} 4. e5 {[%clk 1:30:30]} Ne4
{[%clk 1:30:30]} 5. d3 {[%clk 1:30:30]} Ng5 {[%clk 1:30:30]} 6. g3 {[%clk
1:30:30]} Nxf3+ {[%clk 1:30:30]} 7. Qxf3 {[%clk 1:30:30]} fxg3 {[%clk 1:30:30]}
8. Nc3 {[%clk 1:30:30]} d6 {[%clk 1:30:30]} 9. d4 {[%clk 1:30:30]} dxe5 {[%clk
1:30:30]} 10. Bc4 {[%clk 1:30:30]} Qd7 {[%clk 1:30:30]} 11. Be3 {[%clk 1:30:30]}
Bb4 {[%clk 1:30:30]} 12. O-O-O {[%clk 1:30:30]} Bxc3 {[%clk 1:30:30]} 13. bxc3
{[%clk 1:30:30]} O-O {[%clk 1:30:30]} 14. dxe5 {[%clk 1:30:30]} Qf5 {[%clk
1:30:30]} 15. Qxg3 {[%clk 1:30:30]} Qg4 {[%clk 1:30:30]} 16. Qxg4 {[%clk
1:25:23]} Bxg4 {[%clk 1:30:30]} 17. Rdf1 {[%clk 1:24:49]} Be6 {[%clk 1:28:15]}
18. Bxe6 {[%clk 1:18:43]} fxe6 {[%clk 1:28:15]} 19. Rxf8+ {[%clk 1:18:53]} Kxf8
{[%clk 1:28:37]} 20. Bc5+ {[%clk 1:19:19]} Ke8 {[%clk 1:28:31]} 21. Rg1 {[%clk
1:18:29]} g6 {[%clk 1:28:49]} 22. Be3 {[%clk 1:16:27]} Nc6 {[%clk 1:22:27]} 23.
Bf4 {[%clk 1:05:44]} Rd8 {[%clk 1:20:37]} 24. h4 {[%clk 1:05:02]} Rd5 {[%clk
1:18:39]} 25. Rg5 {[%clk 1:02:04]} Kf7 {[%clk 1:18:01]} 26. h5 {[%clk 1:01:54]}
Ne7 {[%clk 1:17:51]} 27. Be3 {[%clk 0:58:28]} Nf5 {[%clk 1:17:53]} 28. hxg6+
{[%clk 0:58:26]} hxg6 {[%clk 1:18:15]} 29. Bf4 {[%clk 0:54:48]} a5 {[%clk
1:11:52]} 30. Rg1 {[%clk 0:53:58]} b5 {[%clk 1:11:42]} 31. Rd1 {[%clk 0:52:32]}
Rxd1+ {[%clk 1:11:12]} 32. Kxd1 {[%clk 0:52:58]} Ke7 {[%clk 1:10:02]} 33. c4
{[%clk 0:51:08]} b4 {[%clk 1:09:36]} 34. Ke2 {[%clk 0:51:18]} Kd7 {[%clk
1:08:50]} 35. Kd3 {[%clk 0:51:16]} Kc6 {[%clk 1:08:36]} 36. Bg5 {[%clk 0:51:10]}
Kc5 {[%clk 1:07:46]} 37. Bf4 {[%clk 0:50:28]} Kb6 {[%clk 1:07:24]} 38. Bg5 {[%clk
0:50:54]} Kc6 {[%clk 1:07:34]} 39. Bf4 {[%clk 0:51:12]} Kb6 {[%clk 1:06:56]} 40.
Bg5 {[%clk 0:51:31]} Kc5 {[%clk 1:07:10]} 41. Bf4 {[%clk 0:49:08]} Kc6 {[%clk
1:02:11]} 42. Bg5 {[%clk 0:48:02]} Kd7 {[%clk 0:56:53]} 43. Bf4 {[%clk 0:42:36]}
c5 {[%clk 0:54:31]} 44. Bg5 {[%clk 0:41:18]} Nd4 {[%clk 0:54:25]} 45. Be3 {[%clk
0:41:20]} Kc6 {[%clk 0:53:15]} 46. Bf4 {[%clk 0:38:34]} Nf3 {[%clk 0:52:17]} 47.
Ke2 {[%clk 0:38:16]} Nd4+ {[%clk 0:52:39]} 48. Kd3 {[%clk 0:38:42]} Kd7 {[%clk
0:51:49]} 49. Bg5 {[%clk 0:38:36]} Nf3 {[%clk 0:50:23]} 50. Bf4 {[%clk 0:38:34]}
g5 {[%clk 0:49:42]} 51. Ke4 {[%clk 0:38:52]} Nd4 {[%clk 0:49:16]} 52. Bxg5 {[%clk
0:38:06]} Nxc2 {[%clk 0:49:34]} 53. Kd3 {[%clk 0:38:03]} Nd4 {[%clk 0:48:52]} 54.
Be3 {[%clk 0:38:03]} Kc6 {[%clk 0:48:30]} 55. Bg5 {[%clk 0:32:49]} a4 {[%clk
0:48:40]} 56. Bc1 {[%clk 0:32:27]} a3 {[%clk 0:46:06]} 57. Ke4 {[%clk 0:31:41]}
b3 {[%clk 0:46:07]} 58. Bxa3 {[%clk 0:29:55]} bxa2 {[%clk 0:46:29]} 59. Bb2
{[%clk 0:30:17]} Nb3 {[%clk 0:46:39]} 60. Kd3 {[%clk 0:30:39]} a1Q {[%clk
0:47:01]} 61. Bxa1 {[%clk 0:30:21]} Nxa1 {[%clk 0:47:01]} 62. Kc3 {[%clk
0:30:31]} Kb6 {[%clk 0:47:23]} 63. Kb2 {[%clk 0:30:31]} Ka5 {[%clk 0:47:49]} 64.
Kxa1 {[%clk 0:30:49]} Kb4 {[%clk 0:47:49]} 65. Kb2 {[%clk 0:31:11]} Kxc4 {[%clk
0:48:11]} 0-1

[Event "65+ World Senior Team Championship"]
[Site "chess24.com"]
[Date "2017.04.30"]
[Round "7"]
[White "Bevan, Peter M"]
[Black "Illi, Hans-Joerg"]
[Result "1/2-1/2"]
[Board "4"]
[WhiteElo "1933"]
[WhiteCountry "WLS"]
[WhiteFideId "1800345"]
[WhiteEloChange "3"]
[BlackElo "2059"]
[BlackCountry "SUI"]
[BlackFideId "1300431"]
[BlackEloChange "-3"]

1. c4 {[%clk 1:30:56]} c6 {[%clk 1:31:07]} 2. Nf3 {[%clk 1:30:56]} Nf6 {[%clk
1:31:12]} 3. g3 {[%clk 1:31:16]} d5 {[%clk 1:31:01]} 4. Bg2 {[%clk 1:31:36]} Bg4
{[%clk 1:30:56]} 5. cxd5 {[%clk 1:27:18]} cxd5 {[%clk 1:26:22]} 6. Ne5 {[%clk
1:26:42]} Be6 {[%clk 1:20:43]} 7. d4 {[%clk 1:17:56]} Qb6 {[%clk 1:18:45]} 8. Nc3
{[%clk 1:14:55]} Nc6 {[%clk 1:17:55]} 9. e3 {[%clk 1:13:12]} g6 {[%clk 1:14:26]}
10. Na4 {[%clk 1:07:35]} Qc7 {[%clk 1:06:37]} 11. Nxc6 {[%clk 1:06:28]} Qxc6
{[%clk 1:05:19]} 12. Bd2 {[%clk 1:06:48]} Bd7 {[%clk 1:01:07]} 13. Nc5 {[%clk
1:06:26]} b6 {[%clk 0:59:21]} 14. Nxd7 {[%clk 1:05:46]} Qxd7 {[%clk 0:58:32]} 15.
Rc1 {[%clk 1:06:07]} e6 {[%clk 0:58:46]} 16. Qb3 {[%clk 1:03:56]} Bd6 {[%clk
0:56:41]} 17. Bf1 {[%clk 1:04:06]} O-O {[%clk 0:56:41]} 18. Ba6 {[%clk 1:04:06]}
Rab8 {[%clk 0:49:16]} 19. Bb5 {[%clk 0:57:34]} Qe7 {[%clk 0:47:29]} 20. O-O
{[%clk 0:56:56]} Rbc8 {[%clk 0:38:02]} 21. Ba6 {[%clk 0:56:25]} Ne4 {[%clk
0:37:09]} 22. Bc3 {[%clk 0:56:15]} Rxc3 {[%clk 0:30:08]} 23. Rxc3 {[%clk
0:55:31]} Nd2 {[%clk 0:27:05]} 24. Qd1 {[%clk 0:55:40]} Nxf1 {[%clk 0:27:05]} 25.
Qxf1 {[%clk 0:56:04]} h5 {[%clk 0:26:53]} 26. f4 {[%clk 0:54:17]} Rd8 {[%clk
0:26:24]} 27. h4 {[%clk 0:53:18]} Kg7 {[%clk 0:26:21]} 28. Qc1 {[%clk 0:51:45]}
Rd7 {[%clk 0:22:17]} 29. Rc8 {[%clk 0:49:31]} Rc7 {[%clk 0:22:04]} 30. Rxc7
{[%clk 0:49:55]} Qxc7 {[%clk 0:17:49]} 31. Qxc7 {[%clk 0:50:16]} Bxc7 {[%clk
0:18:14]} 32. Kf2 {[%clk 0:50:32]} Bd6 {[%clk 0:18:24]} 33. a3 {[%clk 0:50:55]}
Kf6 {[%clk 0:18:15]} 34. Kf3 {[%clk 0:50:58]} Ke7 {[%clk 0:17:51]} 35. e4 {[%clk
0:51:11]} dxe4+ {[%clk 0:14:41]} 36. Kxe4 {[%clk 0:51:35]} Kf6 {[%clk 0:13:58]}
37. Kf3 {[%clk 0:50:00]} Kf5 {[%clk 0:13:16]} 38. Bd3+ {[%clk 0:50:21]} Kf6
{[%clk 0:13:39]} 39. Ba6 {[%clk 0:50:45]} Ke7 {[%clk 0:44:01]} 40. Bd3 {[%clk
1:20:42]} a5 {[%clk 0:43:53]} 41. Bb5 {[%clk 1:21:02]} 1/2-1/2

[Event "65+ World Senior Team Championship"]
[Site "chess24.com"]
[Date "2017.04.30"]
[Round "7"]
[White "Dickhoff, Ronald"]
[Black "Renman, Nils-Gustaf"]
[Result "1/2-1/2"]
[Board "1"]
[WhiteElo "2100"]
[WhiteCountry "NED"]
[WhiteFideId "1006142"]
[WhiteEloChange "6"]
[BlackElo "2361"]
[BlackTitle "IM"]
[BlackCountry "SWE"]
[BlackFideId "1700367"]
[BlackEloChange "-6"]

1. d4 {[%clk 1:30:54]} d5 {[%clk 1:30:52]} 2. c4 {[%clk 1:31:14]} c6 {[%clk
1:31:14]} 3. Nf3 {[%clk 1:31:29]} e6 {[%clk 1:30:57]} 4. e3 {[%clk 1:31:13]} Nd7
{[%clk 1:29:41]} 5. Bd3 {[%clk 1:29:08]} Ngf6 {[%clk 1:27:19]} 6. O-O {[%clk
1:29:12]} Bd6 {[%clk 1:27:33]} 7. Nc3 {[%clk 1:27:53]} O-O {[%clk 1:27:56]} 8. e4
{[%clk 1:23:03]} dxe4 {[%clk 1:23:20]} 9. Nxe4 {[%clk 1:23:24]} Nxe4 {[%clk
1:23:44]} 10. Bxe4 {[%clk 1:23:46]} f5 {[%clk 1:23:17]} 11. Bc2 {[%clk 1:18:58]}
e5 {[%clk 1:20:09]} 12. c5 {[%clk 1:15:11]} Be7 {[%clk 1:17:03]} 13. Bb3+ {[%clk
1:11:07]} Kh8 {[%clk 1:17:27]} 14. Nxe5 {[%clk 1:06:31]} Nxe5 {[%clk 1:14:13]}
15. dxe5 {[%clk 1:06:53]} Bxc5 {[%clk 1:08:23]} 16. Qxd8 {[%clk 0:59:15]} Rxd8
{[%clk 1:08:47]} 17. Re1 {[%clk 0:57:00]} Be7 {[%clk 0:52:52]} 18. f4 {[%clk
0:47:52]} g6 {[%clk 0:48:50]} 19. Be3 {[%clk 0:46:33]} b6 {[%clk 0:48:13]} 20.
Rac1 {[%clk 0:41:14]} Bb7 {[%clk 0:44:58]} 21. Red1 {[%clk 0:39:48]} Kg7 {[%clk
0:45:10]} 22. Rxd8 {[%clk 0:38:58]} Rxd8 {[%clk 0:45:31]} 23. Rd1 {[%clk
0:39:05]} Rxd1+ {[%clk 0:45:26]} 24. Bxd1 {[%clk 0:39:34]} c5 {[%clk 0:45:36]}
25. Bb3 {[%clk 0:37:39]} b5 {[%clk 0:38:50]} 26. Be6 {[%clk 0:35:45]} Bc6 {[%clk
0:35:01]} 27. h3 {[%clk 0:32:54]} a5 {[%clk 0:30:47]} 28. g4 {[%clk 0:32:51]} Be4
{[%clk 0:30:59]} 29. Bd7 {[%clk 0:30:32]} b4 {[%clk 0:30:32]} 30. gxf5 {[%clk
0:30:14]} Bxf5 {[%clk 0:18:30]} 31. Bxf5 {[%clk 0:30:34]} gxf5 {[%clk 0:18:58]}
32. b3 {[%clk 0:30:43]} Kf7 {[%clk 0:18:36]} 33. Kf1 {[%clk 0:30:56]} Ke6 {[%clk
0:17:42]} 34. Ke2 {[%clk 0:31:19]} Kd5 {[%clk 0:18:02]} 35. Kd3 {[%clk 0:31:44]}
Bh4 {[%clk 0:15:09]} 1/2-1/2

[Event "65+ World Senior Team Championship"]
[Site "chess24.com"]
[Date "2017.04.30"]
[Round "7"]
[White "Olof, Erik"]
[Black "Malmdin, Nils-Ake"]
[Result "1-0"]
[Board "3"]
[WhiteElo "2006"]
[WhiteCountry "NED"]
[WhiteFideId "1035762"]
[WhiteEloChange "15"]
[BlackElo "2197"]
[BlackTitle "FM"]
[BlackCountry "SWE"]
[BlackFideId "1701584"]
[BlackEloChange "-15"]

1. Nf3 {[%clk 1:30:46]} g6 {[%clk 1:29:19]} 2. g3 {[%clk 1:30:06]} Bg7 {[%clk
1:29:29]} 3. d4 {[%clk 1:30:08]} Nf6 {[%clk 1:24:48]} 4. Bg2 {[%clk 1:30:24]} O-O
{[%clk 1:24:39]} 5. O-O {[%clk 1:30:29]} d6 {[%clk 1:24:05]} 6. c4 {[%clk
1:30:14]} Nc6 {[%clk 1:23:51]} 7. Nc3 {[%clk 1:29:59]} a6 {[%clk 1:23:34]} 8. h3
{[%clk 1:28:16]} Rb8 {[%clk 1:22:01]} 9. d5 {[%clk 1:24:48]} Na5 {[%clk 1:21:59]}
10. Qd3 {[%clk 1:18:41]} c5 {[%clk 0:56:03]} 11. e4 {[%clk 1:12:23]} b5 {[%clk
0:54:45]} 12. Nd2 {[%clk 1:11:55]} Nh5 {[%clk 0:46:03]} 13. Rb1 {[%clk 1:08:25]}
bxc4 {[%clk 0:31:39]} 14. Nxc4 {[%clk 1:08:38]} Nxc4 {[%clk 0:31:53]} 15. Qxc4
{[%clk 1:09:03]} Rb4 {[%clk 0:31:38]} 16. Qd3 {[%clk 1:09:13]} Qb6 {[%clk
0:30:05]} 17. g4 {[%clk 1:06:49]} Nf6 {[%clk 0:29:03]} 18. Qc2 {[%clk 1:06:17]}
Bd7 {[%clk 0:28:06]} 19. Be3 {[%clk 1:05:59]} Rb8 {[%clk 0:27:32]} 20. b3 {[%clk
1:05:01]} a5 {[%clk 0:27:45]} 21. Bf3 {[%clk 0:58:36]} Ne8 {[%clk 0:24:50]} 22.
Be2 {[%clk 0:55:28]} h5 {[%clk 0:21:07]} 23. f3 {[%clk 0:54:43]} Bd4 {[%clk
0:18:41]} 24. Qd2 {[%clk 0:54:52]} Ng7 {[%clk 0:17:03]} 25. Kg2 {[%clk 0:54:46]}
Bxe3 {[%clk 0:15:47]} 26. Qxe3 {[%clk 0:55:06]} Rd4 {[%clk 0:15:40]} 27. Bc4
{[%clk 0:54:17]} Qb4 {[%clk 0:15:21]} 28. Ne2 {[%clk 0:50:27]} Rd2 {[%clk
0:08:01]} 29. a3 {[%clk 0:50:41]} Rxe2+ {[%clk 0:08:24]} 30. Qxe2 {[%clk
0:50:59]} Qxa3 {[%clk 0:08:36]} 31. Qd2 {[%clk 0:49:51]} Qb4 {[%clk 0:08:49]} 32.
Qxb4 {[%clk 0:50:01]} Rxb4 {[%clk 0:09:04]} 33. Rfc1 {[%clk 0:50:16]} hxg4 {[%clk
0:09:09]} 34. hxg4 {[%clk 0:50:35]} f5 {[%clk 0:09:25]} 35. Kg3 {[%clk 0:50:44]}
Kf7 {[%clk 0:09:37]} 36. Ra1 {[%clk 0:50:46]} a4 {[%clk 0:08:44]} 37. bxa4 {[%clk
0:51:08]} Bxa4 {[%clk 0:08:28]} 38. Rab1 {[%clk 0:51:16]} Rxb1 {[%clk 0:04:15]}
39. Rxb1 {[%clk 0:51:40]} fxe4 {[%clk 0:04:37]} 40. fxe4 {[%clk 1:22:02]} g5
{[%clk 0:34:57]} 41. Rf1+ {[%clk 1:22:09]} Ke8 {[%clk 0:34:42]} 42. Ra1 {[%clk
1:21:48]} Bd7 {[%clk 0:34:18]} 43. Ra8+ {[%clk 1:21:55]} Kf7 {[%clk 0:34:45]} 44.
e5 {[%clk 1:21:27]} dxe5 {[%clk 0:34:46]} 45. d6+ {[%clk 1:21:48]} e6 {[%clk
0:32:58]} 46. Rd8 {[%clk 1:21:53]} 1-0

[Event "65+ World Senior Team Championship"]
[Site "chess24.com"]
[Date "2017.04.30"]
[Round "7"]
[White "Hammar, Bengt"]
[Black "Munninghoff, Alexander"]
[Result "1-0"]
[Board "4"]
[WhiteElo "2165"]
[WhiteTitle "FM"]
[WhiteCountry "SWE"]
[WhiteFideId "1700391"]
[WhiteEloChange "4"]
[BlackElo "1930"]
[BlackCountry "NED"]
[BlackFideId "1012460"]
[BlackEloChange "-4"]

1. e4 {[%clk 1:30:26]} c5 {[%clk 1:30:53]} 2. Nf3 {[%clk 1:30:38]} g6 {[%clk
1:31:16]} 3. c4 {[%clk 1:30:24]} Bg7 {[%clk 1:31:37]} 4. d4 {[%clk 1:30:45]} cxd4
{[%clk 1:32:00]} 5. Nxd4 {[%clk 1:31:04]} Nc6 {[%clk 1:32:19]} 6. Nc2 {[%clk
1:28:19]} d6 {[%clk 1:28:33]} 7. Be2 {[%clk 1:28:05]} Nh6 {[%clk 1:28:14]} 8. O-O
{[%clk 1:27:22]} O-O {[%clk 1:28:16]} 9. Nc3 {[%clk 1:27:10]} f5 {[%clk 1:28:31]}
10. exf5 {[%clk 1:25:39]} Nxf5 {[%clk 1:27:15]} 11. Nd5 {[%clk 1:22:47]} e6
{[%clk 1:18:19]} 12. Nc3 {[%clk 1:21:23]} Ncd4 {[%clk 1:14:32]} 13. Nxd4 {[%clk
1:20:12]} Nxd4 {[%clk 1:14:54]} 14. Bg4 {[%clk 1:18:42]} e5 {[%clk 1:13:08]} 15.
Be3 {[%clk 1:14:21]} Nf5 {[%clk 1:06:25]} 16. Bf3 {[%clk 1:11:08]} Nxe3 {[%clk
0:57:00]} 17. fxe3 {[%clk 1:11:25]} Kh8 {[%clk 0:50:48]} 18. Qe2 {[%clk 1:07:13]}
Qh4 {[%clk 0:42:09]} 19. g3 {[%clk 1:04:04]} Qg5 {[%clk 0:42:06]} 20. Ne4 {[%clk
1:03:08]} Qe7 {[%clk 0:42:13]} 21. Bg4 {[%clk 1:00:28]} Be6 {[%clk 0:38:46]} 22.
Bxe6 {[%clk 0:59:54]} Qxe6 {[%clk 0:39:05]} 23. Rxf8+ {[%clk 0:59:12]} Rxf8
{[%clk 0:36:30]} 24. Rd1 {[%clk 0:58:44]} Rd8 {[%clk 0:33:49]} 25. Rd5 {[%clk
0:53:39]} h5 {[%clk 0:26:23]} 26. Kg2 {[%clk 0:50:02]} Bh6 {[%clk 0:25:53]} 27.
h3 {[%clk 0:42:12]} b6 {[%clk 0:24:21]} 28. a4 {[%clk 0:39:12]} a6 {[%clk
0:23:03]} 29. b3 {[%clk 0:38:21]} Kh7 {[%clk 0:21:20]} 30. g4 {[%clk 0:33:42]}
hxg4 {[%clk 0:20:50]} 31. hxg4 {[%clk 0:33:56]} b5 {[%clk 0:20:14]} 32. axb5
{[%clk 0:33:24]} axb5 {[%clk 0:20:35]} 33. Rxb5 {[%clk 0:33:39]} d5 {[%clk
0:20:42]} 34. Rxd5 {[%clk 0:33:57]} Rxd5 {[%clk 0:20:55]} 35. cxd5 {[%clk
0:34:25]} Qxd5 {[%clk 0:21:12]} 36. Qc4 {[%clk 0:24:20]} Qxc4 {[%clk 0:21:21]}
37. bxc4 {[%clk 0:24:48]} Bxe3 {[%clk 0:21:38]} 38. Kf3 {[%clk 0:25:12]} Bd4
{[%clk 0:21:40]} 39. c5 {[%clk 0:24:20]} Kg7 {[%clk 0:21:52]} 40. c6 {[%clk
0:54:33]} Bb6 {[%clk 0:52:09]} 41. Nd6 {[%clk 0:53:19]} Kf8 {[%clk 0:52:25]} 42.
Ke4 {[%clk 0:53:31]} Bc7 {[%clk 0:52:09]} 43. Nb5 {[%clk 0:53:42]} 1-0

[Event "65+ World Senior Team Championship"]
[Site "chess24.com"]
[Date "2017.05.01"]
[Round "8"]
[White "Carlsson, Ingvar"]
[Black "Balashov, Yuri S"]
[Result "0-1"]
[Board "2"]
[WhiteElo "2130"]
[WhiteCountry "SWE"]
[WhiteFideId "1702670"]
[WhiteEloChange "-3"]
[BlackElo "2408"]
[BlackTitle "GM"]
[BlackCountry "RUS"]
[BlackFideId "4100263"]
[BlackEloChange "2"]

1. e4 {[%clk 1:30:55]} d6 {[%clk 1:30:48]} 2. d4 {[%clk 1:31:06]} Nf6 {[%clk
1:31:09]} 3. Nc3 {[%clk 1:31:23]} g6 {[%clk 1:31:31]} 4. Be3 {[%clk 1:31:44]} Bg7
{[%clk 1:31:46]} 5. f3 {[%clk 1:24:41]} c6 {[%clk 1:31:37]} 6. a4 {[%clk
1:21:23]} O-O {[%clk 1:29:46]} 7. Qd2 {[%clk 1:21:01]} Qa5 {[%clk 1:22:09]} 8.
Bc4 {[%clk 1:05:11]} d5 {[%clk 1:15:16]} 9. exd5 {[%clk 1:03:30]} cxd5 {[%clk
1:15:17]} 10. Bb3 {[%clk 1:03:28]} Nc6 {[%clk 1:14:16]} 11. Nge2 {[%clk 1:03:29]}
Rd8 {[%clk 1:10:18]} 12. O-O {[%clk 1:03:19]} Qc7 {[%clk 1:05:02]} 13. a5 {[%clk
0:46:02]} e6 {[%clk 0:58:21]} 14. Bf4 {[%clk 0:40:49]} Qe7 {[%clk 0:58:18]} 15.
Rfe1 {[%clk 0:40:06]} Ne8 {[%clk 0:54:53]} 16. Bg5 {[%clk 0:22:54]} Bf6 {[%clk
0:55:15]} 17. Bxf6 {[%clk 0:23:15]} Qxf6 {[%clk 0:55:34]} 18. Red1 {[%clk
0:20:48]} Nd6 {[%clk 0:54:08]} 19. Qf4 {[%clk 0:18:23]} Qxf4 {[%clk 0:54:24]} 20.
Nxf4 {[%clk 0:18:51]} Rb8 {[%clk 0:53:39]} 21. Kf2 {[%clk 0:18:32]} b6 {[%clk
0:50:41]} 22. axb6 {[%clk 0:18:39]} axb6 {[%clk 0:51:02]} 23. Nce2 {[%clk
0:14:56]} Na5 {[%clk 0:45:03]} 24. Ba2 {[%clk 0:15:15]} Ba6 {[%clk 0:41:55]} 25.
Nd3 {[%clk 0:13:53]} Bxd3 {[%clk 0:39:20]} 26. Rxd3 {[%clk 0:14:20]} Ra8 {[%clk
0:37:02]} 27. Ra3 {[%clk 0:13:40]} Ndc4 {[%clk 0:30:55]} 28. Bxc4 {[%clk
0:13:34]} dxc4 {[%clk 0:31:19]} 29. Ke3 {[%clk 0:10:52]} Rac8 {[%clk 0:29:03]}
30. Nc3 {[%clk 0:10:03]} Nc6 {[%clk 0:27:17]} 31. Rd1 {[%clk 0:10:21]} b5 {[%clk
0:26:23]} 32. Ne4 {[%clk 0:07:35]} e5 {[%clk 0:25:33]} 33. c3 {[%clk 0:04:11]} f5
{[%clk 0:23:12]} 34. Nc5 {[%clk 0:02:56]} Rd5 {[%clk 0:18:42]} 35. Ra6 {[%clk
0:01:55]} exd4+ {[%clk 0:18:45]} 36. cxd4 {[%clk 0:02:15]} Nb4 {[%clk 0:18:50]}
37. Rb6 {[%clk 0:00:41]} Rcxc5 {[%clk 0:18:52]} 38. dxc5 {[%clk 0:00:55]} Rxd1
{[%clk 0:19:15]} 39. Rxb5 {[%clk 0:01:12]} Nc2+ {[%clk 0:16:31]} 40. Kf4 {[%clk
0:31:22]} Nd4 {[%clk 0:46:46]} 41. Rb6 {[%clk 0:25:35]} Re1 {[%clk 0:46:16]} 42.
Kg5 {[%clk 0:20:59]} Kf7 {[%clk 0:42:44]} 43. Kh6 {[%clk 0:18:30]} Re5 {[%clk
0:40:23]} 44. Rd6 {[%clk 0:15:28]} Ne6 {[%clk 0:39:28]} 45. Rd7+ {[%clk 0:12:56]}
Kf6 {[%clk 0:39:35]} 0-1